| 000 | 00494nam a2200193 a 4500 | ||
|---|---|---|---|
| 005 | 20240925064050.0 | ||
| 008 | 010710s1980 es r 000 0 spa d | ||
| 020 | _a8431022523 | ||
| 035 | _aUPN01000109480 | ||
| 049 | _aI | ||
| 050 | 4 |
_aLB775 _bM3.3 |
|
| 100 | 1 | _aMellanby, Jean | |
| 245 | 1 | 3 | _aLa divertida naturaleza / |
| 260 |
_aBarcelona [Esp.] : _bToray, _c1980. |
||
| 300 |
_a32 p. : _bil. |
||
| 440 | 3 |
_aEl niƱo quiere saber ; _v4 |
|
| 650 | 2 |
_aNaturaleza _96830 |
|
| 905 | _aInfantil | ||
| 999 |
_c83391 _d83391 |
||